| 000 | 00551nam a2200205Ia 4500 | ||
|---|---|---|---|
| 003 | GCL | ||
| 008 | 140319s9999 xx 000 0 eng d | ||
| 040 |
_aGCL / _cGCL |
||
| 082 | 0 | 4 |
_a921.03 _bB B |
| 100 | 1 | _aCOLLINSON, DIANE | |
| 245 | 1 | 0 |
_aBIOGRAPHICAL DICTIONARY OF TWENTIETH - CENTURY PHILOSOPHERS / _cCOLLINSON, DIANE |
| 700 | 1 | _aBROWN, STUART. | |
| 700 | 1 | _aWILKISON, ROBERT. | |
| 260 |
_a[S.N] : _bROUTLEDGE ، _c1996 |
||
| 300 | _a947 P | ||
| 650 | 0 | 4 | _aDICTIONARIES |
| 650 | 0 | 4 | _aBIOGRAPHY |
| 650 | 0 | 4 | _aPHILOSOPHERS |
| 942 |
_2ddc _cBK |
||
| 999 |
_c13075 _d13075 |
||